<?xml version="1.0" encoding="UTF-8"?>
<record
    xmlns:xsi="http://www.w3.org/2001/XMLSchema-instance"
    xsi:schemaLocation="http://www.loc.gov/MARC21/slim http://www.loc.gov/standards/marcxml/schema/MARC21slim.xsd"
    xmlns="http://www.loc.gov/MARC21/slim">

  <leader>02490cam a2200409 i 4500</leader>
  <controlfield tag="003">CO-BoRNBP</controlfield>
  <controlfield tag="005">20240927102710.0</controlfield>
  <controlfield tag="007">ta</controlfield>
  <controlfield tag="008">010620t19961996ck     fr     000 0 spa d</controlfield>
  <datafield tag="020" ind1=" " ind2=" ">
    <subfield code="a">9789586144957</subfield>
  </datafield>
  <datafield tag="020" ind1=" " ind2=" ">
    <subfield code="a">958614495X</subfield>
  </datafield>
  <datafield tag="040" ind1=" " ind2=" ">
    <subfield code="a">CO-BoUNC</subfield>
    <subfield code="b">spa</subfield>
    <subfield code="e">rda</subfield>
    <subfield code="c">CO-BoUNC</subfield>
  </datafield>
  <datafield tag="043" ind1=" " ind2=" ">
    <subfield code="a">s-ck---</subfield>
  </datafield>
  <datafield tag="082" ind1="0" ind2=" ">
    <subfield code="a">333.793209861</subfield>
    <subfield code="b">J614c</subfield>
    <subfield code="2">23</subfield>
  </datafield>
  <datafield tag="082" ind1="0" ind2=" ">
    <subfield code="a">333.790861</subfield>
    <subfield code="b">J45c</subfield>
    <subfield code="2">21</subfield>
  </datafield>
  <datafield tag="100" ind1="1" ind2=" ">
    <subfield code="a">Jim&#xE9;nez Morales, Germ&#xE1;n</subfield>
    <subfield code="e">autor</subfield>
    <subfield code="9">7929</subfield>
  </datafield>
  <datafield tag="245" ind1="1" ind2=" ">
    <subfield code="a">Colombia se apaga :</subfield>
    <subfield code="b">el caos del sector el&#xE9;ctrico /</subfield>
    <subfield code="c">Germ&#xE1;n Jimenez Morales.</subfield>
  </datafield>
  <datafield tag="246" ind1="3" ind2=" ">
    <subfield code="b">el caos del sector el&#xE9;ctrico</subfield>
  </datafield>
  <datafield tag="250" ind1=" " ind2=" ">
    <subfield code="a">Primera edici&#xF3;n</subfield>
  </datafield>
  <datafield tag="264" ind1=" " ind2="1">
    <subfield code="a">Bogot&#xE1; :</subfield>
    <subfield code="b">Planeta Colombiana Editorial,</subfield>
    <subfield code="c">1996.</subfield>
  </datafield>
  <datafield tag="264" ind1=" " ind2="4">
    <subfield code="c">&#xA9;1996</subfield>
  </datafield>
  <datafield tag="300" ind1=" " ind2=" ">
    <subfield code="a">273 p&#xE1;ginas ;</subfield>
    <subfield code="c">20 cm.</subfield>
  </datafield>
  <datafield tag="336" ind1=" " ind2=" ">
    <subfield code="a">texto</subfield>
    <subfield code="b">txt</subfield>
    <subfield code="2">rdacontent</subfield>
  </datafield>
  <datafield tag="337" ind1=" " ind2=" ">
    <subfield code="a">sin mediaci&#xF3;n</subfield>
    <subfield code="b">n</subfield>
    <subfield code="2">rdamedia</subfield>
  </datafield>
  <datafield tag="338" ind1=" " ind2=" ">
    <subfield code="a">volumen</subfield>
    <subfield code="b">nc</subfield>
    <subfield code="2">rdacarrier</subfield>
  </datafield>
  <datafield tag="490" ind1="1" ind2=" ">
    <subfield code="a">Primera plana</subfield>
  </datafield>
  <datafield tag="500" ind1=" " ind2=" ">
    <subfield code="a">Incluye perfil acad&#xE9;mico del autor en la solapa del libro</subfield>
  </datafield>
  <datafield tag="504" ind1=" " ind2=" ">
    <subfield code="a">Incluye notas y citas bibliogr&#xE1;ficas a pie de p&#xE1;gina</subfield>
  </datafield>
  <datafield tag="505" ind1="0" ind2=" ">
    <subfield code="a">El apag&#xF3;n ronda de nuevo -- Una potencia energ&#xE9;tica? \2013 Por qu&#xE9; nos apagamos en 1992 \2013 Antolog&#xED;a de la ineficiencia \2013 Penumbras financieras \2013 Guavio: manual de corrupci&#xF3;n \2013 Pesadillas de Riogrande II</subfield>
  </datafield>
  <datafield tag="520" ind1="3" ind2=" ">
    <subfield code="a">Productos de varios a&#xFFFD;os de cuidadosa investigaci&#xFFFD;n, el presente libro constituye una insustituible material de referencia para comprender las causas administrativas, financieras y pol&#xFFFD;ticas de la crisis energ&#xFFFD;tica del pa&#xFFFD;s. El apag&#xFFFD;n de 1992, la cat&#xFFFD;strofe del Guavio, los problemas de Riogrande II y Termobarranquilla, el caso de las barcazas de Cartagena, el retraso del plan de expansi&#xFFFD;n el&#xFFFD;ctrica, la corrupci&#xFFFD;n y los errores de planificaci&#xFFFD;n son algunos de los asuntos que se tratan en esta obra, que constiene importantes revelaciones acerca del caos reinante en el sector energ&#xFFFD;tico. Que Colombia se puede apagar de nuevo en un futuro cercano, con consecuencias aun m&#xFFFD;s graves que en la anterior coyuntura, es una de las conclusiones del documentado an&#xFFFD;lisis realizado por el autor.-- Contraportada</subfield>
  </datafield>
  <datafield tag="650" ind1="1" ind2=" ">
    <subfield code="a">Crisis energ&#xE9;tica</subfield>
    <subfield code="z">Colombia</subfield>
    <subfield code="y">1992</subfield>
    <subfield code="2">LEMB</subfield>
    <subfield code="9">42442</subfield>
  </datafield>
  <datafield tag="650" ind1="1" ind2=" ">
    <subfield code="a">Pol&#xED;tica energ&#xE9;tica</subfield>
    <subfield code="z">Colombia</subfield>
    <subfield code="y">1980-2005</subfield>
    <subfield code="2">LEMB</subfield>
    <subfield code="9">42443</subfield>
  </datafield>
  <datafield tag="650" ind1="1" ind2=" ">
    <subfield code="a">Demanda de energ&#xED;a</subfield>
    <subfield code="z">Colombia</subfield>
    <subfield code="2">LEMB</subfield>
    <subfield code="9">42444</subfield>
  </datafield>
  <datafield tag="650" ind1="1" ind2=" ">
    <subfield code="a">Crisis energ&#xE9;tica</subfield>
    <subfield code="x">Pr&#xE1;cticas corruptas</subfield>
    <subfield code="z">Colombia</subfield>
    <subfield code="2">LEMB</subfield>
    <subfield code="9">42445</subfield>
  </datafield>
  <datafield tag="830" ind1=" " ind2=" ">
    <subfield code="a">Primera plana (Planeta Colombiana Editorial)</subfield>
    <subfield code="9">42446</subfield>
  </datafield>
  <datafield tag="942" ind1=" " ind2=" ">
    <subfield code="2">ddc</subfield>
    <subfield code="c">BK</subfield>
  </datafield>
  <datafield tag="999" ind1=" " ind2=" ">
    <subfield code="c">38342</subfield>
    <subfield code="d">38342</subfield>
  </datafield>
  <datafield tag="952" ind1=" " ind2=" ">
    <subfield code="0">0</subfield>
    <subfield code="1">0</subfield>
    <subfield code="2">ddc</subfield>
    <subfield code="4">0</subfield>
    <subfield code="7">0</subfield>
    <subfield code="8">GEN</subfield>
    <subfield code="a">MEGUAMAL</subfield>
    <subfield code="b">MEGUAMAL</subfield>
    <subfield code="c">GEN</subfield>
    <subfield code="d">2024-09-27</subfield>
    <subfield code="l">0</subfield>
    <subfield code="o">333.790861 J45c</subfield>
    <subfield code="p">GUA004117</subfield>
    <subfield code="r">2024-09-27 10:20:07</subfield>
    <subfield code="t">Ej.1</subfield>
    <subfield code="w">2024-09-27</subfield>
    <subfield code="y">BK</subfield>
  </datafield>
  <datafield tag="952" ind1=" " ind2=" ">
    <subfield code="0">0</subfield>
    <subfield code="1">0</subfield>
    <subfield code="4">0</subfield>
    <subfield code="7">0</subfield>
    <subfield code="8">001</subfield>
    <subfield code="a">MEVIGERR</subfield>
    <subfield code="b">MEVIGERR</subfield>
    <subfield code="c">GEN</subfield>
    <subfield code="d">2006-11-27</subfield>
    <subfield code="o">333.790861 J45c</subfield>
    <subfield code="p">ECA9647</subfield>
    <subfield code="r">2024-11-26 09:05:53</subfield>
    <subfield code="t">Ej.1</subfield>
    <subfield code="w">2024-11-26</subfield>
    <subfield code="y">BK</subfield>
    <subfield code="z">8983 | 12475</subfield>
  </datafield>
</record>
